00739nam a22002057a 4500010001500000020002600015035001400041037001300055082001400068100001800082245008400100260003000184270007800214300003500292700001800327700001700345942002800362999001900390952012400409 aENG-120683 c550.00a9788181931153 aEN-104215 bDBAD/PUB a371.40954 aPatel, Vikram aA school counsellor casebook /cby Vikram Patel, Lisa Aronson [and] Gauri Divan aDelhibByword Booksc2013 aGF-15, Virat Bhavan, Mukherjee Nagar, Commerical Complex, bDelhie110009 axix, 425p. :b22cm(pbk).cill. aAronson, Lisa aDivan, Gauri 2ddccENh371.40954mVIK c144680d144680 001040708NFICaNRbNRd2017-09-15eDBAD/PUBg550.00l0o371.40954 VIKpEN-104215r2017-09-15 00:00:00t1v550.00yEN